000 00817cam a2200217 4500
020 _a0854291210
082 0 0 _a624.15136
_bSTR
_cL-16, P-57
100 _aParry, H. G
_942501
245 1 0 _aStress-strain behaviour of soils;
_bproceedings of the Roscoe Memorial Symposium, Cambridge University, 29-31 March 1971.
_cEdited by R. H. G. Parry.
250 _a1st ed.
260 _aHenley-on-Thames [Eng.]
_bG. T. Foulis,
_c1971.
300 _ax, 752 p.
_billus.
_c26 cm.
500 _aSymposium held as a memorial to Professor K. H. Roscoe.
526 _a0
_b0
_c0
_d624_151360000000000_STR
650 0 _aMCE
_9379
650 0 _aSoil mechanics
_xCongresses.
_942502
650 0 _aStrains and stresses
_xCongresses.
_942503
700 1 _aParry, R. H. G.
_942504
700 1 _aRoscoe, Kenneth Harry.
_942505
942 _2ddc
_cBK
999 _c546381
_d546381